Fluid power with applications

This book introduction to fluid power, properties of hydraulic fluids, energy and power in hydraulic systems....

Gespeichert in:
Bibliographische Detailangaben
1. Verfasser: Esposito, Anthony
Format: Buch
Sprache:Undetermined
Veröffentlicht: Upper Saddle River, New Jersey Prentice-Hall 1997
Schlagworte:
Tags: Tag hinzufügen
Keine Tags, Fügen Sie den ersten Tag hinzu!
Thư viện lưu trữ: Trung tâm Học liệu Trường Đại học Cần Thơ
LEADER 00710nam a2200217Ia 4500
001 CTU_28482
008 210402s9999 xx 000 0 und d
020 |b 382.000đ 
020 |c 383000 
082 |a 621.2 
082 |b E77 
100 |a Esposito, Anthony 
245 0 |a Fluid power with applications 
245 0 |c Anthony Esposito 
260 |a Upper Saddle River, New Jersey 
260 |b Prentice-Hall 
260 |c 1997 
520 |a This book introduction to fluid power, properties of hydraulic fluids, energy and power in hydraulic systems.... 
650 |a Fluid mechanics,Fluid power technology,Water-power 
904 |i Minh, QHieu 
980 |a Trung tâm Học liệu Trường Đại học Cần Thơ